000 00438nam a2200169Ia 4500
008 230524s9999 xx 000 0 und d
082 _a660.6092
_bBAL
100 _aPierre Baldi
_923419
245 0 _aBioinformatics : The Machine Learning Approach
250 _a2ND
260 _aNEW DELHI
_bEWP
_c2001
300 _aVIII;447
500 _aQuantity Number: 1
650 _aBiomedical
700 _a Sqren Brunak
_923420
942 _cBK
999 _c35000
_d35000